| 000 | 00635nam a2200217 a 4500 | ||
|---|---|---|---|
| 005 | 20210219153531.0 | ||
| 008 | 991125n 000 0 u | ||
| 035 | _aUPN01000105152 | ||
| 100 | _aShaw, Margaret L | ||
| 222 | _aCOLLEGE COMPOSITION AND COMMUNICATION | ||
| 245 | _aWhat students don't say : an approach to the student text | ||
| 300 | _a45-54 | ||
| 362 | _a42, No. 1, 1991 | ||
| 505 | _aJulio 1991 | ||
| 653 | 0 | _aHABILIDAD PARA LA ESCRITURA | |
| 653 | 0 | _aINSTRUCCION PARA LA ESCRITURA | |
| 653 | 0 | _aMEJORAMIENTO DE LA ESCRITURA | |
| 653 | 0 | _aPROCESOS DE ESCRITURA | |
| 904 |
_aAC _b042963 |
||
| 905 | _aArticulo | ||
| 999 |
_c79283 _d79283 |
||